000 01020cad a2200229 4500
008 290909s2009 xxk f 000 0 eng u
020 _a9780080950921
035 _a(Sirsi) u148513
041 0 _aeng
050 _a697 $2 18
100 _aHall, Fred
245 _aBuilding services handbook
_h[electronic resource]
250 _a5th ed.
260 _aOxford
_bButterworth-Heinemann
_c2009
300 _aeBook
520 _aThis eBook on general construction or building services courses, summarising the key elements of building services practice, techniques and procedures through the use of diagrams and brief explanations. Includes comprehensive coverage of the latest Building, Water Supply, IEE Wiring Regulations and other standards of importance to building service professionals.
651 4 _aENGLAND AND WALES
690 _aBlock management
_96220
700 _aGreeno, Roger
856 4 0 _uhttps://www.vlebooks.com/
_zView on VLEbooks. Logins for members only from [email protected]
942 _n0
999 _c110077
_d110077